Judikatura práva rodiny : (čtvrtý doplněk)

Saved in:
Bibliographic Details
Main Authors Kovářová, Daniela, 1964- (Author), Havlíček, Karel, 1950- (Author, Editor)
Format Book
LanguageCzech
Published Praha : Stálá konference českého práva : Unie rodinných advokátů, 2026
EditionVydání první
Subjects
ISBN978-80-909815-0-8
Physical Description199 stran ; 21 cm

Cover

LEADER 00000nam a2200000 i 4500
001 115866
003 CZ ZlUTB
005 20260630094149.0
007 ta
008 260430s2026 xr e 000 0 cze
015 |a cnb003755558 
020 |a 978-80-909815-0-8  |q (brožováno) 
040 |a BOA001  |b cze  |d ABA001  |e rda 
043 |a e-xr--- 
072 7 |a 347  |x Soukromé právo  |2 Konspekt  |9 16 
080 |a 347.61/.64  |2 MRF 
080 |a 347.951  |2 MRF 
080 |a (437.3)  |2 MRF 
080 |a (048.8)  |2 MRF 
100 1 |a Kovářová, Daniela,  |d 1964-  |7 xx0066406  |4 aut 
245 1 0 |a Judikatura práva rodiny :  |b (čtvrtý doplněk) /  |c Daniela Kovářová, Karel Havlíček 
250 |a Vydání první 
264 1 |a Praha :  |b Stálá konference českého práva :  |b Unie rodinných advokátů,  |c 2026 
300 |a 199 stran ;  |c 21 cm 
336 |a text  |b txt  |2 rdacontent 
337 |a bez média  |b n  |2 rdamedia 
338 |a svazek  |b nc  |2 rdacarrier 
500 |a Vydáno ve spolupráci s Havlíček Brain Team 
650 0 7 |a rodinné právo  |7 ph116052  |z Česko  |2 czenas 
650 0 7 |a soudní rozhodnutí a stanoviska  |7 ph125859  |z Česko  |2 czenas 
650 0 9 |a family law  |z Czechia  |2 eczenas 
650 0 9 |a judgments  |z Czechia  |2 eczenas 
655 7 |a přehledy  |7 fd133202  |2 czenas 
655 9 |a surveys  |2 eczenas 
700 1 |a Havlíček, Karel,  |d 1950-  |7 jn99240000275  |4 aut  |4 edt 
710 2 |a Stálá konference českého práva (firma)  |7 xx0342554  |4 pbl 
710 2 |a Unie rodinných advokátů  |7 ko20241236227  |4 pbl 
910 |a ZLD002 
928 9 |a Havlíček Brain Team 
942 |2 udc 
952 |0 0  |1 0  |4 0  |6 34KOVÁŘOVÁD  |7 -1  |8 BOOK  |9 191728  |a UTBZL  |b UTBZL  |c 005  |d 2026-06-30  |l 0  |o 34/KOVÁŘOVÁ,D.  |p 420010202353  |r 2026-06-30 09:42:35  |v 370.00  |w 2026-06-30  |x N:nákup  |y 01 
992 |a BK  |b SKNEW 
999 |c 115866  |d 115866